000 00256nam a2200085Ia 4500
245 0 _aGeographies of globalization : a critical introduction
100 _a HEROD, Andrew Oxford, 2009
_981078
942 _cBK
008 210817s9999 xx 000 0 und d
999 _c287090
_d287089